| 000 | 00978 a2200229 4500 | ||
|---|---|---|---|
| 003 | UA-OsUOA | ||
| 005 | 20250519122315.0 | ||
| 008 | 250519b un ||||| |||| 00| 0 ukr d | ||
| 020 | _a9786176240082 | ||
| 040 |
_bukr _cUA-OsUOA |
||
| 080 | _a347.1(477)(094.4) | ||
| 090 |
_a347.1(477)(094.4) _bЦ30 |
||
| 245 |
_aЦивільний кодекс України _bнормативні документи з урахуванням останніх змін в редакції станом на 03.08.2020 р. |
||
| 260 |
_aСуми _bВВП НОТІС _c2020 |
||
| 300 | _a376 с. | ||
| 490 | _aЗаконодавство України | ||
| 500 | _aВідповідає офіційному тексту | ||
| 650 |
_a347.1 Загальна частина цивільного права _920449 |
||
| 942 |
_cBK _2udc |
||
| 955 | _a7 | ||
| 999 |
_c578777 _d578777 |
||